अनंत ऊर्जा स्त्रोत : (Record no. 118777)

MARC details
000 -LEADER
fixed length control field 01155nam a22002537a 4500
005 - DATE AND TIME OF LATEST TRANSACTION
control field 20170124103120.0
010 ## - LIBRARY OF CONGRESS CONTROL NUMBER
LC control number A-890168
020 ## - INTERNATIONAL STANDARD BOOK NUMBER
Terms of availability 150.00
035 ## - SYSTEM CONTROL NUMBER
System control number A-890168
037 ## - SOURCE OF ACQUISITION
Source of stock number/acquisition Cen Lib/Ret
040 ## - CATALOGING SOURCE
Original cataloging agency DPL
Language of cataloging HN
082 ## - DEWEY DECIMAL CLASSIFICATION NUMBER
Classification number 333.88
Item number शर्माश्या
100 ## - MAIN ENTRY--PERSONAL NAME
Personal name शर्मा, श्याम सुन्दर
9 (RLIN) 43924
245 ## - TITLE STATEMENT
Title अनंत ऊर्जा स्त्रोत :
Statement of responsibility, etc श्याम सुन्दर शर्मा
Remainder of title भूतापीय ऊर्जा /
246 ## - VARYING FORM OF TITLE
Title proper/short title Anant oorja strort : bhoopateey oorja /
Remainder of title by Shyam Sundar Sharma
260 ## - PUBLICATION, DISTRIBUTION, ETC. (IMPRINT)
Place of publication, distribution, etc दिल्ली
Name of publisher, distributor, etc बिशन चन्द एंड संस
Date of publication, distribution, etc 1997
270 ## - ADDRESS
Address 5751, जोगीवाडा
City दिल्ली
Postal code 110006
300 ## - PHYSICAL DESCRIPTION
Extent 144पृ. :
Dimensions 20सेमी(सजिल्द)
Other physical details सचित्र
650 ## - SUBJECT ADDED ENTRY--TOPICAL TERM
Topical term or geographic name as entry element भूगर्भीय ऊर्जा
9 (RLIN) 1291
650 ## - SUBJECT ADDED ENTRY--TOPICAL TERM
Topical term or geographic name as entry element भूगर्भीय ऊर्जा -- उपयोग
9 (RLIN) 81865
650 ## - SUBJECT ADDED ENTRY--TOPICAL TERM
Topical term or geographic name as entry element Geothermal energy
9 (RLIN) 81866
650 ## - SUBJECT ADDED ENTRY--TOPICAL TERM
Topical term or geographic name as entry element Geothermal energy - use
9 (RLIN) 81867
942 ## - ADDED ENTRY ELEMENTS (KOHA)
Source of classification or shelving scheme Dewey Decimal Classification
Koha item type Hindi Books
Classification part 333.88
Call number suffix शर्माश्या
Holdings
Withdrawn status Lost status Damaged status Not for loan Home library Current library Date acquired Source of acquisition Cost, normal purchase price Total Checkouts Full call number Barcode Date last seen Copy number Cost, replacement price Price effective from Koha item type
        Central Library Central Library 14/09/2015 Cen Lib/Ret 150.00   333.88 शर्माश्या A-890168 14/09/2015 1 150.00 14/09/2015 Hindi Books

© Delhi Public Library
Hit Counter
free hit counter